| 000 | 00372nam a2200145Ia 4500 | ||
|---|---|---|---|
| 005 | 20251222143252.0 | ||
| 008 | 251222s9999||||xx |||||||||||||| ||spa|| | ||
| 020 | _a8495011387 | ||
| 082 | _a930.15/M11 | ||
| 100 | _aMacarro Rodríguez, José Antonio | ||
| 245 | 0 | _aLa Alcalá Prehistórica: | |
| 250 | _a1ra.ed | ||
| 264 | _bFundación de Colegio del Rey | ||
| 942 | _cLIB | ||
| 999 |
_c14997 _d14997 |
||